Ingeniería de control moderna
Salvato in:
| Autore principale: | |
|---|---|
| Altri autori: | |
| Natura: | Libro |
| Pubblicazione: |
México : Prentice Hall Hispanoamericana
1980
|
| Soggetti: | |
| Tags: |
Aggiungi Tag
Nessun Tag, puoi essere il primo ad aggiungerne!!
|
MARC
| LEADER | 00000nam a2200000Ia 4500 | ||
|---|---|---|---|
| 003 | 000250 | ||
| 005 | 20221231143937.0 | ||
| 008 | 140114s1980 m a 000 ||s d | ||
| 040 | |c cru CEDI | ||
| 082 | |a 629.8 O34i | ||
| 100 | |a Ogata, Katsuhiko |9 18680 | ||
| 245 | |a Ingeniería de control moderna | ||
| 260 | |a México : Prentice Hall Hispanoamericana |c 1980 | ||
| 300 | |a xv, 902 páginas : ilustraciones | ||
| 500 | |a Traducción de: Modern control engineering. | ||
| 650 | |x CONTROL AUTOMATICO |x TEORIA DEL CONTROL |9 4089 | ||
| 700 | |9 18681 |a Fabian-Frankel, Bartolome |d Traductor | ||
| 942 | |2 ddc |c BK | ||
| 999 | |c 14596 |d 14596 | ||
